Prvky dopravní výchovy v učivu matematiky a fyziky /

Hlavní autor: Blažková, Růžena, 1940-
Jazyk: Čeština
Vydáno: Brno : Krajský pedagogický ústav, 1979
Fyzický popis: 28 s.
Knihy
Uloženo v:
LEADER 00807nam a2200229 a 4500
001 000451993
003 CZ BrMZK
005 19990305143423.0
007 ta
008 990305s1979 xr f cze d
040 |a BOA001  |b cze 
080 |a 53:656.05:37  |2 MRF 
080 |a 51:656.05:37  |2 MRF 
100 1 |a Blažková, Růžena,  |d 1940-  |7 mzk2003190644  |4 aut 
245 1 0 |a Prvky dopravní výchovy v učivu matematiky a fyziky /  |c Růžena Blažková. 
260 |a Brno :  |b Krajský pedagogický ústav,  |c 1979 
300 |a 28 s. 
500 |a Bibliogr. - Rozmn. 
910 |a BOA001  |b 4-0810.740 
990 |a BK 
996 7 |b 2619749165  |c 4-0810.740  |l MZK  |r Sklad / do 1 hodiny  |n 3  |w 000451993  |u 000010  |a 1  |e BOA001  |j MZK50  |s A 
996 6 |b 451993-10  |c 4-0810.740  |l MZK  |r Sklad / do 1 hodiny  |n 0  |w 000451993  |u 000020  |a 1  |e BOA001  |j MZK50  |s P